Normal view MARC view
  • Peurifoy & Schexnayder

Entry Personal Name

Number of records used in: 1

001 - CONTROL NUMBER

  • control field: 13201

003 - CONTROL NUMBER IDENTIFIER

  • control field: NUST

005 - DATE AND TIME OF LATEST TRANSACTION

  • control field: 20190125131621.0

008 - FIXED-LENGTH DATA ELEMENTS

  • fixed length control field: 190125|| aca||aabn | a|a d

040 ## - CATALOGING SOURCE

  • Original cataloging agency: NUST
  • Transcribing agency: NUST

100 ## - HEADING--PERSONAL NAME

  • Personal name: Peurifoy & Schexnayder

670 ## - SOURCE DATA FOUND

  • Source citation: Work cat.: (NUST): Peurifoy & Schexnayder, Construction Planning, Equipment and Methods
© 2023 Central Library, National University of Sciences and Technology. All Rights Reserved.